Catálogo

Love, family and friendship : (Registro nro. 67100)

Detalles MARC
000 -LEADER
fixed length control field 00833nam a2200253 u 4500
001 - CONTROL NUMBER
control field 67100
005 - DATE AND TIME OF LATEST TRANSACTION
control field 20191007111044.0
008 - FIXED-LENGTH DATA ELEMENTS--GENERAL INFORMATION
fixed length control field 170331s2014 xxk r 000 0 eng d
020 ## - INTERNATIONAL STANDARD BOOK NUMBER
International Standard Book Number 9781443866231
040 ## - CATALOGING SOURCE
Description conventions rda
041 0# - LANGUAGE CODE
Language code of text/sound track or separate title eng
082 0# - DEWEY DECIMAL CLASSIFICATION NUMBER
Classification number 306.85098
Item number LOV
245 00 - TITLE STATEMENT
Title Love, family and friendship :
Remainder of title a Latin American perspective /
Statement of responsibility, etc. edited by Agnaldo Garcia.
250 ## - EDITION STATEMENT
Edition statement First edition
264 #1 - PRODUCTION, PUBLICATION, DISTRIBUTION, MANUFACTURE, AND COPYRIGHT NOTICE
Place of production, publication, distribution, manufacture United Kingdom :
Name of producer, publisher, distributor, manufacturer Cambridge Scholars Publishing,
Date of production, publication, distribution, manufacture, or copyright notice 2014
300 ## - PHYSICAL DESCRIPTION
Extent vii, 210 páginas ;
Dimensions 22 cm.
336 ## - CONTENT TYPE
Content type term texto
Source rdacontent
Content type code txt
337 ## - MEDIA TYPE
Media type term sin medio
Source rdamedia
Media type code n
338 ## - CARRIER TYPE
Carrier type term volumen
Source rdacarrier
Carrier type code nc
650 #4 - SUBJECT ADDED ENTRY--TOPICAL TERM
Topical term or geographic name entry element Familia
General subdivision Amor
Geographic subdivision América Latina
650 #4 - SUBJECT ADDED ENTRY--TOPICAL TERM
Topical term or geographic name entry element Amistad
General subdivision Relaciones humanas
Geographic subdivision América Latina
700 1# - ADDED ENTRY--PERSONAL NAME
Personal name Garcia, Agnaldo,
Relator term editor
942 ## - ADDED ENTRY ELEMENTS (KOHA)
Classification part 306.85098
Item part LOV
Koha item type Libro
Existencias
Withdrawn status Lost status Source of classification or shelving scheme Damaged status Not for loan Collection code Home library Current library Shelving location Date acquired Source of acquisition Total Checkouts Full call number Barcode Checked out Date last seen Date last checked out Price effective from Koha item type
    Dewey Decimal Classification     Magisterial Biblioteca Karol Wojtyla Biblioteca Karol Wojtyla Módulo de circulación 31/03/2017 Compra 1 306.85098 LOV 2014 97363 17/05/2017 17/05/2017 17/05/2017 14/06/2017 Magisterial